000
00337nam a22001337a 4500
005
20180208153037.0
008
180208b xxu||||| |||| 00| 0 eng d
040
_c
PK-LaUMT
082
_a
PKAC 297.082
_b
KHA-
245
_a
Khatoon e khana/
260
_a
یوپی:
_b
مکبتہ ذکری رامپور
_c
1979
300
_a
127
942
_c
BK
999
_c
102898
_d
102898